000 00463nam a2200169Ia 4500
003 GCL
008 140319s9999 xx 000 0 ara d
040 _aGCL /
_cGCL
082 0 4 _a922.3
_bع ا
100 1 _aعبدالحميد السحار
245 1 0 _aالاشتراكى الزاهد ابوذر الغفارى /
_cعبدالحميد السحار
300 _a154 ص
490 _a
650 0 4 _aالتراجم
650 0 4 _aالرواة
942 _2ddc
_cBK
999 _c41135
_d41135